Nákladové metódy na zníženie rizika v podnikovom controllingu
Problémy merania a určovania nákladov. Nákladové metódy, analýza kritického bodu. Metóda ABC. Ciele implementácie metódy ABC.
Salvato in:
| Autore principale: | |
|---|---|
| Natura: | Capitolo di libro |
| Lingua: | slovacco |
| Soggetti: | |
| Tags: |
Nessun Tag, puoi essere il primo ad aggiungerne!!
|
MARC
| LEADER | 00000naa a2200000 4500 | ||
|---|---|---|---|
| 001 | 0152892 | ||
| 005 | 20220330075957.4 | ||
| 041 | 0 | |a slo | |
| 044 | |a SK | ||
| 245 | 1 | 0 | |a Nákladové metódy na zníženie rizika v podnikovom controllingu |c Zuzana Chodasová |
| 520 | |a Problémy merania a určovania nákladov. Nákladové metódy, analýza kritického bodu. Metóda ABC. Ciele implementácie metódy ABC. | ||
| 610 | 2 | 0 | |a metóda ABC |
| 610 | 2 | 0 | |a kontroling |
| 610 | 2 | 0 | |a manažment |
| 610 | 2 | 0 | |a riziko |
| 610 | 2 | 0 | |a náklady fixné |
| 610 | 2 | 0 | |a náklady variabilné |
| 100 | 1 | |a Chodasová, Zuzana | |